[Event "Caro Special"]
[Site "SchemingMind.com"]
[Date "2018.09.24"]
[Round "-"]
[White "capablanca"]
[Black "John Hamer"]
[Result "0-1"]
[WhiteCountry "GER"]
[BlackCountry "ENG"]
[WhiteElo "1793"]
[WhiteRD "81"]
[BlackElo "2038"]
[BlackRD "71"]
[GameID "432947"]

1. e4 c6 2. d4 d5 3. e5 Bf5 4. Bd3 Bxd3 5. Qxd3 e6 6. Nf3 Ne7 7. Bg5 Nd7 8. Nbd2 h6 9. Be3 Rc8 10. c3 Nf5
11. Nf1 Qa5 12. Bd2 Be7 13. Ne3 Nxe3 14. Bxe3 O-O 15. O-O Rfd8 16. Bd2 c5 17. dxc5 Nxc5 18. Qd4 Ne4 19. Be3 Bc5 20. Qd3 Be7
21. Nd4 a6 22. Nb3 Qc7 23. Bf4 b5 24. f3 Nc5 25. Nxc5 Bxc5+ 26. Kh1 d4 27. Bg3 Bb6 28. cxd4 Bxd4 29. Qe2 Qc6 30. Bf2 Rd5
31. Bxd4 Rxd4 32. Rfd1 Rc4 33. h3 Rc2 34. Rd2 Rxd2 35. Qxd2 Qe8 36. Rc1 Rd8 37. Qe2 Qd7 38. Rc2 Qd4 39. g3 Rd5= 40. Rc8+ Kh7
41. Qc2+ g6 42. f4 Qe3 43. Rc3 Qe1+
0-1

[Event "Caro Special"]
[Site "SchemingMind.com"]
[Date "2018.09.24"]
[Round "-"]
[White "John Hamer"]
[Black "capablanca"]
[Result "1-0"]
[WhiteCountry "ENG"]
[BlackCountry "GER"]
[WhiteElo "2038"]
[WhiteRD "71"]
[BlackElo "1793"]
[BlackRD "81"]
[GameID "432948"]

1. e4 c6 2. d4 d5 3. e5 Bf5 4. Nc3 e6 5. g4 Bg6 6. Nge2 c5 7. h4 cxd4 8. Nxd4 Bc5 9. Nb3 Bb6 10. h5 Be4
11. f3 Nc6 12. fxe4 dxe4 13. Qe2 Nxe5 14. Nxe4 Nc6 15. Bd2 Nge7 16. h6 g6 17. Nf6+ Kf8 18. Bc3= Nd5 19. Nxd5
1-0

[Event "Caro Special"]
[Site "SchemingMind.com"]
[Date "2018.09.26"]
[Round "-"]
[White "John Hamer"]
[Black "kenneth m day"]
[Result "1-0"]
[WhiteCountry "ENG"]
[BlackCountry "USA"]
[WhiteElo "2038"]
[WhiteRD "71"]
[BlackElo "1709"]
[BlackRD "56"]
[GameID "432949"]

1. e4 c6 2. d4 d5 3. e5 Bf5 4. Nf3 e6 5. Be2 f6 6. O-O Nd7 7. c4 fxe5 8. dxe5 Qc7 9. cxd5 exd5 10. Qd4 Bc5
11. Qf4 Nh6 12. Qh4 Be7 13. Qg3 Ng4 14. Nd4 Ndf6 15. Nxf5 Qxe5 16. Bxg4 Qxg3 17. hxg3 Nxg4 18. Re1 Nxf2 19. Rxe7+ Kd8 20. Rxg7 Ne4
21. Bf4
1-0

[Event "Caro Special"]
[Site "SchemingMind.com"]
[Date "2018.09.25"]
[Round "-"]
[White "kenneth m day"]
[Black "John Hamer"]
[Result "0-1"]
[WhiteCountry "USA"]
[BlackCountry "ENG"]
[WhiteElo "1735"]
[WhiteRD "57"]
[BlackElo "2033"]
[BlackRD "70"]
[GameID "432950"]

1. e4 c6 2. d4 d5 3. e5 g6 4. Nc3 Bg7 5. Nf3 Nh6 6. Bg5 f6 7. exf6 exf6 8. Qe2+ Kf7 9. Be3 Re8 10. O-O-O Be6
11. h3 Nd7 12. g4 Kg8 13. Qd2 Nf7 14. Be2 Nd6 15. Bd3 Rc8 16. g5 fxg5 17. Nxg5 Nb6 18. h4 Nbc4 19. Bxc4 dxc4 20. Nxe6 Rxe6
21. Rdg1 Nf5 22. Bg5 Qb6 23. Re1 Rd6 24. Bf4 Rxd4 25. Be3 Bh6 26. Na4 Qa6 27. Qb4 Bf8 28. Qc3 Rd5 29. b3 Bg7 30. Qxc4 b5
31. Qe2 Nxe3 32. fxe3 Qa5
0-1

[Event "Caro Special"]
[Site "SchemingMind.com"]
[Date "2018.09.24"]
[Round "-"]
[White "John Hamer"]
[Black "Stephen Woodhouse"]
[Result "1-0"]
[WhiteCountry "ENG"]
[BlackCountry "ENG"]
[WhiteElo "2038"]
[WhiteRD "71"]
[BlackElo "1872"]
[BlackRD "67"]
[GameID "432951"]

1. e4 c6 2. d4 d5 3. e5 Bf5 4. Nc3 e6 5. g4 Bg6 6. Nge2 c5 7. Be3 cxd4 8. Nxd4 Nc6 9. f4 Nxd4 10. Qxd4 Ne7
11. O-O-O Nc6 12. Qa4 Qa5 13. Qb3 Qb4 14. f5 Qxb3 15. axb3 exf5 16. Nxd5 Rc8 17. Be2 Nb4 18. Nc3 Bc5 19. Bf4 Ke7 20. Bg5+ f6
21. exf6+ gxf6 22. Bh4 Be3+ 23. Kb1 fxg4 24. Bd3 Nxd3 25. Nd5+ Ke6 26. Nxe3 Nb4 27. Rhe1 Kf7 28. Rd7+ Kf8 29. Re2 h5 30. Rxb7 a5
31. Rf2 Rh7 32. Rxf6+ Kg8 33. Rxg6+
1-0

[Event "Caro Special"]
[Site "SchemingMind.com"]
[Date "2018.09.24"]
[Round "-"]
[White "Stephen Woodhouse"]
[Black "John Hamer"]
[Result "0-1"]
[WhiteCountry "ENG"]
[BlackCountry "ENG"]
[WhiteElo "1872"]
[WhiteRD "67"]
[BlackElo "2038"]
[BlackRD "71"]
[GameID "432952"]

1. e4 c6 2. d4 d5 3. e5 Bf5 4. Nf3 e6 5. Be2 Nd7 6. O-O h6 7. Nbd2 Bg6 8. Re1 Ne7 9. Nh4 Bh7 10. f4 g5
11. fxg5 hxg5 12. Nhf3 Nf5 13. Nf1 g4 14. Ng5 Nxd4 15. Nxh7 Nxe2+ 16. Qxe2 Rxh7 17. Qxg4 Rg7 18. Qf3 Bc5+ 19. Kh1 Qe7 20. Bh6 Rh7
21. Qf4 f6 22. exf6 Qxf6 23. Bg5 Qg6 24. Bh4 e5 25. Qg3 Qe6 26. Bg5 Rg7 27. Qh4 Qg6 28. Qh8+ Rg8 29. Rxe5+ Kf7
0-1

[Event "Caro Special"]
[Site "SchemingMind.com"]
[Date "2018.09.25"]
[Round "-"]
[White "John Hamer"]
[Black "David Perna-Fraser"]
[Result "0-1"]
[WhiteCountry "ENG"]
[BlackCountry "CAN"]
[WhiteElo "2038"]
[WhiteRD "71"]
[BlackElo "2181"]
[BlackRD "74"]
[GameID "432953"]

1. e4 c6 2. d4 d5 3. e5 Bf5 4. Nf3 e6 5. Be2 Ne7 6. O-O Ng6 7. Be3 Be7 8. Nbd2 O-O 9. Ne1 Nh8 10. f4 f6
11. g4 Bg6 12. f5 Bf7 13. exf6 Bxf6 14. g5 Bxg5 15. Bxg5 Qxg5+ 16. Bg4 Bh5 17. h4 Qxg4+ 18. Qxg4 Bxg4 19. fxe6 Rxf1+ 20. Nxf1 Bxe6
21. Rc1 Ng6 22. Ng2 Bh3 23. h5 Bxg2 24. hxg6 Bxf1 25. gxh7+ Kxh7 26. Rxf1 Kg8 27. b3 Nd7
0-1

[Event "Caro Special"]
[Site "SchemingMind.com"]
[Date "2018.09.24"]
[Round "-"]
[White "David Perna-Fraser"]
[Black "John Hamer"]
[Result "1-0"]
[WhiteCountry "CAN"]
[BlackCountry "ENG"]
[WhiteElo "2181"]
[WhiteRD "74"]
[BlackElo "2038"]
[BlackRD "71"]
[GameID "432954"]

1. e4 c6 2. d4 d5 3. e5 Bf5 4. Nf3 g6 5. Bd3 Bxd3 6. Qxd3 Bg7 7. O-O e6 8. Bg5 Ne7 9. Nbd2 O-O 10. b4 h6
11. Bh4 Nd7 12. a4 Re8 13. Nb3 Rc8 14. a5 g5 15. Bg3 Rc7 16. Nfd2 Nf5 17. c4 dxc4 18. Nxc4 h5 19. f4 h4 20. Be1 Rf8
21. Ne3 Nxe3 22. Qxe3 Bh6 23. f5 exf5 24. Rxf5 Kg7 25. Bd2 Re8 26. Raf1 f6 27. exf6+ Nxf6 28. Rxg5+ Kh7 29. Qd3+ Ne4= 30. Rh5 Kg8
31. Rxh6
1-0

[Event "Caro Special"]
[Site "SchemingMind.com"]
[Date "2018.09.27"]
[Round "-"]
[White "John Hamer"]
[Black "flyinduck"]
[Result "1/2-1/2"]
[WhiteCountry "ENG"]
[BlackCountry "CAN"]
[WhiteElo "2047"]
[WhiteRD "71"]
[BlackElo "1993"]
[BlackRD "51"]
[GameID "432955"]

1. e4 c6 2. d4 d5 3. e5 Bf5 4. Nf3 e6 5. Be2 c5 6. c3 Nc6 7. O-O cxd4 8. cxd4 h5 9. Nc3 a6 10. Bf4 Nge7
11. Rc1 Nc8 12. Na4 Be7 13. Nc5 Qc7 14. h4 Nb6 15. Ng5 Nd7 16. Nb3 Bg6 17. Rc3 O-O-O 18. Rg3 Bxg5 19. Bxg5 Rdf8 20. Re1 Kb8
21. Bf3 Rc8 22. Rf1 a5 23. a4 Nb4 24. Qd2 Bc2 25. Bd1 Bg6 26. Rc3 Qb6 27. Rf3=
1/2-1/2

[Event "Caro Special"]
[Site "SchemingMind.com"]
[Date "2018.09.27"]
[Round "-"]
[White "flyinduck"]
[Black "John Hamer"]
[Result "0-1"]
[WhiteCountry "CAN"]
[BlackCountry "ENG"]
[WhiteElo "1993"]
[WhiteRD "51"]
[BlackElo "2047"]
[BlackRD "71"]
[GameID "432956"]

1. e4 c6 2. d4 d5 3. e5 Bf5 4. g4 Bd7 5. Bg2 e6 6. Ne2 c5 7. c3 Nc6 8. O-O Rc8 9. a3 Be7 10. f4 Qb6
11. dxc5 Bxc5+ 12. Kh1 a6 13. b4 Be7 14. Rf3 f6 15. Be3 Qd8 16. Bd4 Nh6 17. h3 O-O 18. Nd2 Kh8 19. Ng3 fxe5 20. fxe5 Nf7
21. Qe2 Kg8 22. Raf1 Nxd4 23. cxd4 Bb5 24. Qd1 Bxf1
0-1

[Event "Caro Special"]
[Site "SchemingMind.com"]
[Date "2018.09.24"]
[Round "-"]
[White "John Hamer"]
[Black "splinter"]
[Result "1-0"]
[WhiteCountry "ENG"]
[BlackCountry "CAN"]
[WhiteElo "2038"]
[WhiteRD "71"]
[BlackElo "1820"]
[BlackRD "72"]
[GameID "432957"]

1. e4 c6 2. d4 d5 3. e5 Bf5 4. Nf3 e6 5. Nbd2 Bb4 6. c3 Ba5 7. b4 Bc7 8. Be2 Ne7 9. O-O O-O 10. Nh4 f6
11. g4 Bg6 12. exf6 Rxf6 13. Ndf3 Be4 14. Ng5 Rh6 15. f3 Rxh4 16. fxe4 Bxh2+ 17. Kg2 Ng6 18. e5 Nd7 19. Nf3 Rxg4+ 20. Kxh2 Ndxe5
21. dxe5 Nxe5 22. Qe1 Nxf3+ 23. Rxf3 Qd6+ 24. Kh1 Re4 25. Be3 Rf8 26. Bc5
1-0

[Event "Caro Special"]
[Site "SchemingMind.com"]
[Date "2018.09.24"]
[Round "-"]
[White "splinter"]
[Black "John Hamer"]
[Result "1/2-1/2"]
[WhiteCountry "CAN"]
[BlackCountry "ENG"]
[WhiteElo "1805"]
[WhiteRD "68"]
[BlackElo "2033"]
[BlackRD "70"]
[GameID "432958"]

1. e4 c6 2. d4 d5 3. e5 Bf5 4. Nf3 e6 5. Be2 Ne7 6. Nh4 Bg6 7. Nxg6 hxg6 8. Bg5 Nd7 9. O-O f6 10. exf6 gxf6
11. Bd2 Nf5 12. c3 Bd6 13. g3 Qc7 14. Qe1 O-O-O 15. a4 Rhe8 16. b4 e5 17. b5 exd4 18. Qd1 Ne5 19. cxd4 Nxd4 20. Nc3 Bc5
21. bxc6 Qxc6 22. Rc1 f5 23. Nb5 Nxe2+ 24. Qxe2 Nc4 25. Qd3 a6 26. Nd4 Qd6 27. Bf4 Qf6 28. Nf3 Qc6 29. Qb3 Bd6 30. Rc2 Kb8
31. Bxd6+ Rxd6 32. Rb1 Qd7 33. Rc3 Rb6 34. Qd1 Rxb1 35. Qxb1 Qxa4 36. Rc2 Qd7 37. Qd1 Qf7 38. Rc1 Rc8 39. Qd4 Qd7 40. Rb1 a5
41. Ne1 Re8 42. Nf3 Re4 43. Qh8+ Re8 44. Qf6 Re6 45. Qf8+ Re8 46. Qf6 Re6 47. Qf8+ Ka7 48. Qc5+ b6 49. Qd4 Re4 50. Qf6 d4
51. Qxg6 b5 52. h4 d3=
1/2-1/2